000 00808nam a22002057a 4500
999 _c61836
_d61836
005 20240524123020.0
008 240524s2008 enk||||| |||| 00| 0 eng d
020 _a9780702027239x
041 _aeng
080 _a616.345-089 K-27
100 _aKeighley, Michael R. B.
_922171
245 _aSurgery of the Anus, Rectum and Colon :
_bVolume 1 /
_cMichael R. B. Keighley, Norman S. Williams.
250 _a3rd Edition
264 _a Philadelphia :
_bSaunders Elsevier,
_c2008.
300 _a1262 p.:
_bill.;
_c28 cm.
653 _aანუსის, სწორი ნაწლავის და მსხვილი ნაწლავის ქირურგია
653 _aმედიცინა
700 _aWilliams, Norman S.
_eავტორი
_922172
942 _2udc
_cᲬᲘᲒᲜᲘ